The New Penguin Business Dictionary (Record no. 3505)
[ view plain ]
| 005 - DATE AND TIME OF LATEST TRANSACTION | |
|---|---|
| control field | 20250609121501.0 |
| 020 ## - INTERNATIONAL STANDARD BOOK NUMBER | |
| International Standard Book Number | 978-0-14-051377-6 |
| 082 ## - DEWEY DECIMAL CLASSIFICATION NUMBER | |
| Classification number | REF 658.03 BAN |
| 100 ## - MAIN ENTRY--PERSONAL NAME | |
| Author name | BANNOCK, G . |
| 245 ## - TITLE STATEMENT | |
| Title | The New Penguin Business Dictionary |
| 260 ## - PUBLICATION, DISTRIBUTION, ETC. | |
| Place of publication, distribution, etc. | London, |
| Name of publisher, distributor, etc. | Penguin Book, |
| Date of publication, distribution, etc. | 2002. |
| 300 ## - PHYSICAL DESCRIPTION | |
| Extent | 393p.: illo.; graphy, |
| Dimensions | 20cm. |
| 700 ## - ADDED ENTRY--PERSONAL NAME | |
| Other authors/Editors | DAVIS, E . , TROTT, P. & UNCLES, M. |
| 942 ## - ADDED ENTRY ELEMENTS (KOHA) | |
| Source of classification or shelving scheme | Dewey Decimal Classification |
| Koha item type | Books |
| Date last seen | Total checkouts | Full call number | Barcode | Cost, replacement price | Price effective from | Koha item type | Lost status | Source of classification or shelving scheme | Damaged status | Not for loan | Withdrawn status | Home library | Current library | Shelving location | Date acquired | Cost, normal purchase price |
|---|---|---|---|---|---|---|---|---|---|---|---|---|---|---|---|---|
| 06/09/2025 | REF 658.03 BAN | 00000011703 | 49992.00 | 06/09/2025 | Books | Dewey Decimal Classification | College of Business Education Main Library | College of Business Education Main Library | Reference Collection | 10/26/2009 | 16664.00 | |||||
| 06/09/2025 | REF 658.03 BAN | 00000011704 | 49992.00 | 06/09/2025 | Books | Dewey Decimal Classification | College of Business Education Main Library | College of Business Education Main Library | Reference Collection | 10/26/2009 | 16664.00 | |||||
| 06/09/2025 | REF 658.03 BAN | 00000011705 | 49992.00 | 06/09/2025 | Books | Dewey Decimal Classification | College of Business Education Main Library | College of Business Education Main Library | Reference Collection | 10/26/2009 | 16664.00 | |||||
| 06/09/2025 | REF 658.03 BAN | 00000011706 | 49992.00 | 06/09/2025 | Books | Dewey Decimal Classification | College of Business Education Main Library | College of Business Education Main Library | Reference Collection | 10/26/2009 | 16664.00 | |||||
| 06/09/2025 | REF 658.03 BAN | 00000011707 | 49992.00 | 06/09/2025 | Books | Dewey Decimal Classification | College of Business Education Main Library | College of Business Education Main Library | Reference Collection | 10/26/2009 | 16664.00 |
